000 00652nam a2200241Ia 4500
003 OSt
005 20220926014829.0
006 a|||||r|||| 00| 0
007 ta
008 220923b |||||||| |||| 00| 0 eng d
037 _cGeneral Book
040 _aRTL
_cRTL
_beng
041 _2eng
_aeng
082 _aY7, G1
100 _aCalverton V F Ed.
_9134094
245 0 _aMaking of man
_b An outline of anthropology
260 _aNew York
_bModern Library
_c1931
300 _axv, 879p
_ccm.
500 _aBibliography: P 65-79
650 _aRace
942 _hY7, G1
_cGB
_2CC
999 _c629948
_d629948